Города Ростовской области - Statistics

General Stats
  • This quiz has been taken 160 times
  • The average score is 13 of 23
Answer Stats
Население Город % Correct
1 140 487 Ростов-на-Дону
98%
245 120 Таганрог
94%
226 452 Шахты
90%
163 674 Новочеркасск
80%
81 924 Азов
78%
126 988 Батайск
75%
103 480 Новошахтинск
74%
168 048 Волгодонск
73%
48 372 Аксай
66%
86 365 Каменск-Шахтинский
65%
46 623 Донецк
64%
34 841 Миллерово
57%
40 448 Белая Калитва
54%
60 361 Гуково
49%
14 731 Цимлянск
48%
24 076 Зерноград
45%
57 937 Сальск
44%
24 258 Морозовск
39%
35 697 Красный Сулин
38%
21 719 Семикаракорск
36%
19 353 Зверево
28%
18 983 Пролетарск
28%
17 207 Константиновск
25%
No matching quizzes found
Score Distribution
Percent of People with Each Score
Percentile by Number Answered
Your Score History
You have not taken this quiz